Quiz: Les meilleures refs française ! - Statistiques

Statistiques générales
  • Ce quiz a été pris 191 fois
  • Le résultat moyen est 11 sur 16
Statistiques - réponses
Indices Réponses % Correct
Mobutu Le football il a {changé}
92%
Squeezie / Bigflo Est-ce que c'est {bon} pour vous ?
91%
Politique For {sure} !
89%
Mais siii jsuis très... - Mais t'es pas {net} Baptiste !
89%
Laurent Baffie Oh {putain} Laurent !
88%
Taper sur un sac Mon sac est {fait} ! Mon sac est fait !!
85%
Philippe Etchebest C'est qui le patron?? {C'est moi !}
84%
Nourriture La vie de ma mère on va au {Quick} wesh !!
79%
Boisson 8 morts, 6 blessés, je pète ma {bière} !
71%
Mercotte Salam aleykoum les {pâtissiers} !
65%
Pigeon Est ce que tu sais tchatcher comme moi je tchatche ?! Je {roucoule}, je broie la langue de Molière putain de merde !
58%
Bâton Tung Tung {Sahur}
56%
Brainrot Bombardiro {Crocodilo}
54%
Anthony Sirius Ya que moi qui la touche: y'a que moi qui la {kayakobeme}!
44%
Amour {Puceau}? Moi? Sérieusement ?
39%
Quoicoubeh T'as les cramptés ? Hein ? {Apanyan}!
16%
Aucun quiz correspondant
Distribution des résultats
% des personnes avec chaque résultat
Percentile par nombre de réponses
Votre historique - résultats
Vous n’avez pas pris ce quiz